Ramuan obat²an Djawa asli : (Record no. 88792)

MARC details
000 -LEADER
fixed length control field 00584cam a22002171i 4500
001 - CONTROL NUMBER
control field sa 68019041
003 - CONTROL NUMBER IDENTIFIER
control field DLC
005 - DATE AND TIME OF LATEST TRANSACTION
control field 20260227112716.0
008 - FIXED-LENGTH DATA ELEMENTS--GENERAL INFORMATION
fixed length control field 830520s1967 io 000 0 ind
010 ## - LIBRARY OF CONGRESS CONTROL NUMBER
LC control number sa 68019041
035 ## - SYSTEM CONTROL NUMBER
System control number (OCoLC)9531113
040 ## - CATALOGING SOURCE
Original cataloging agency DLC
Transcribing agency OAU
Modifying agency DLC
042 ## - AUTHENTICATION CODE
Authentication code premarc
050 00 - LIBRARY OF CONGRESS CALL NUMBER
Classification number RS164
Item number .W26
100 1# - MAIN ENTRY--PERSONAL NAME
Personal name Waluja, Marsudi.
245 10 - TITLE STATEMENT
Title Ramuan obat²an Djawa asli :
Remainder of title warisan nenek mojang kita.
260 ## - PUBLICATION, DISTRIBUTION, ETC.
Place of publication, distribution, etc. Sala :
Name of publisher, distributor, etc. Toko Buku Selamat,
Date of publication, distribution, etc. [1967]
300 ## - PHYSICAL DESCRIPTION
Extent 40 p. ;
Dimensions 16 cm.
650 #0 - SUBJECT ADDED ENTRY--TOPICAL TERM
Topical term or geographic name entry element Materia medica, Vegetable.
650 #0 - SUBJECT ADDED ENTRY--TOPICAL TERM
Topical term or geographic name entry element Medicine
Geographic subdivision Java.

No items available.

Powered by Koha